000 00839nam a2200277Ia 4500
003 OSt
005 20220928124340.0
006 a|||||r|||| 00| 0
007 ta
008 220927b |||||||| |||| 00| 0 eng d
020 _c2097
024 _a127062
037 _b033, 29/09/2015, Classic Book Service
_cTextual
040 _aSDCL
_cSDCL
_beng
041 _2eng
_aeng
082 _aX9, N9;1-3
100 _aPetersen Craig H.
_9464547
245 0 _aManagerial economics
260 _aNoida
_bPearson
_c2015
300 _axv;622p.
_ccm.
650 _aBusiness Economics
_9391653
700 _a Jain Sudhir K.
_9464548
700 _a Lewis Chris W.
_9464549
942 _hX9, N9;1-3
_cTEXL
_2CC
999 _c777449
_d777449